| LEADER | 00493cam a2200157 7i4500 | ||
|---|---|---|---|
| 001 | 0000025526 | ||
| 005 | 20110412090000.0 | ||
| 090 | 0 | 0 | |a M 339.52505 |b MIN |
| 110 | 2 | 0 | |a Ministry of Finance Malaysia (MDF) |
| 245 | 2 | 4 | |a The 2011 budget. |
| 260 | 0 | 0 | |a Putrajaya: |b Ministry of Finance Malaysia, |c 2010. |
| 300 | # | # | |a 96 p. |
| 650 | 0 | 0 | |a Budget -- |z Malaysia |
| 651 | 0 | 0 | |a Malaysia |
| 999 | |a 0000028200 |b Book |c Malaysia |e Business Information Centre | ||
| 999 | |a 0000028199 |b Book |c Malaysia |e Business Information Centre | ||